00718nam a2200241 a 4500001001300000003000900013005001700022008004100039020002300080082001600103100002000119245005500139260003300194300000900227500003500236505001400271650002000285700002000305902000800325942000700333952011900340999001700459nice12345678IN_TiNIC20260116015004.0050524s1982 onta grp 000 0 eng  a0836118 c10000a261.8bSHE1 aShenk, Calvin E aWhen Kingdoms Clashb the Christian and Ideologies aOntariobHerald Press c1982 a104p aincludes index and biblioraphy2 aWord List aTheology-Social1 aShenk, Calvin E bSRS cBK 001040708StackRoom-aHMIbHMId2007-07-10g100.00l0o261.8 SHE1p11001508r2007-07-10v100.00w2005-05-24yBK c17852d17852